Rethinking Religion (Record no. 9614)

MARC details
000 -LEADER
fixed length control field 00635nam a2200241 a 4500
020 ## - INTERNATIONAL STANDARD BOOK NUMBER
ISBN
082 00 - DEWEY DECIMAL CLASSIFICATION NUMBER
Classification number 200.1
Author Cutter LAW
100 ## - MAIN ENTRY--AUTHOR NAME
Author name Lawson, E Thomas
245 ## - TITLE STATEMENT
Title Rethinking Religion
Sub title Connecting Cognition and Culture
260 ## - PUBLICATION, DISTRIBUTION, ETC. (IMPRINT)
Place of publication Cambridge
Name of publisher Cambridge University Press
Year of publication 1990
300 ## - PHYSICAL DESCRIPTION
Number of Pages 194p
500 ## - GENERAL NOTE
General note includes index and biblioraphy
505 2# - FORMATTED CONTENTS NOTE
Formatted contents note Reference, Index
650 ## - SUBJECT ADDED ENTRY--TOPICAL TERM
Topical Term Religion-Philosophy
650 ## - SUBJECT ADDED ENTRY--TOPICAL TERM
Topical Term Religion-Symbolism
942 ## - ADDED ENTRY ELEMENTS (KOHA)
Koha item type Books
Holdings
Collection code Home library Current library Date acquired Cost, normal purchase price Full call number Accession Number Koha item type
  Henry Martyn Institute Library Henry Martyn Institute Library 03/15/2010 1106.30 200.1 LAW 017082 Books
                   Copyright © 2026 | Henry Martyn Institute | Hyderabad | TS-500052 | INDIA | Implemented by hmi.edu.in
Hit-Count:

Powered by Koha